[Event "Wch U20 Girls 35th"]
[Site "Tarvisio"]
[Date "2017.11.25"]
[Round "11"]
[White "Ghukasyan, Siranush"]
[Black "Alijanzadeh, Mohadeseh"]
[Result "1-0"]
[WhiteElo "2207"]
[BlackElo "1930"]
[PlyCount "89"]
[EventDate "2017.11.13"]
[EventType "swiss"]
[EventRounds "11"]
[EventCountry "ITA"]
[SourceTitle "EXT 2019"]
[Source "ChessBase"]
[SourceDate "2018.10.10"]
[SourceVersion "1"]
[SourceVersionDate "2018.10.10"]
[SourceQuality "1"]

1. e4 e6 2. d4 d5 3. Nd2 Be7 4. Ngf3 c5 5. exd5 Qxd5 6. Bc4 Qc6 7. a4 a6 8. Bb5 axb5 9. axb5 Qxb5 10. Rxa8 Bd6 11. Ne4 Bc7 12. dxc5 Qb4+ 13. Nc3 Ne7 14. Qd4 Qxd4 15. Nxd4 Na6 16. c6 bxc6 17. Nxc6 Kd7 18. Na7 Nb4 19. Nxc8 Rxc8 20. Rxc8 Kxc8 21. Kd1 Nec6 22. Be3 f5 23. Nb5 Be5 24. c3 f4 25. Na7+ Kb7 26. Nxc6 Kxc6 27. Bxf4 Bxf4 28. cxb4 Bd6 29. Re1 Kd5 30. Re3 Bxb4 31. Rg3 Bf8 32. Kc2 h6 33. Kb3 g5 34. Ka4 Bc5 35. Rf3 e5 36. b4 Bd4 37. b5 g4 38. Rf8 Kd6 39. f3 gxf3 40. gxf3 Kc7 41. Ka5 Kb7 42. Rf7+ Kb8 43. b6 Bc5 44. Ka6 h5 45. Rh7 1-0

[Event "Wch U20 Girls 35th"]
[Site "Tarvisio"]
[Date "2017.11.21"]
[Round "8"]
[White "Alijanzadeh, Mohadeseh"]
[Black "Janzelj, Lara"]
[Result "0-1"]
[WhiteElo "1930"]
[BlackElo "2192"]
[PlyCount "92"]
[EventDate "2017.11.13"]
[EventType "swiss"]
[EventRounds "11"]
[EventCountry "ITA"]
[SourceTitle "CBM 181 Extra"]
[Source "ChessBase"]
[SourceDate "2017.12.12"]
[SourceVersion "1"]
[SourceVersionDate "2017.12.12"]
[SourceQuality "1"]

1. e4 e5 2. Nf3 Nc6 3. Bc4 Bc5 4. d3 Nf6 5. c3 d6 6. 0-0 0-0 7. h3 h6 8. Re1 a5 9. Nbd2 Be6 10. Bb3 Re8 11. Nf1 d5 12. exd5 Bxd5 13. Bc2 Qd7 14. Ng3 Rad8 15. Nh4 Bd6 16. Nhf5 Ne7 17. Nxd6 Qxd6 18. Qe2 Ng6 19. Ne4 Qe6 20. a3 Nd7 21. b4 b5 22. bxa5 f5 23. Ng3 Nh4 24. f3 Qg6 25. Kh2 Nf6 26. Rb1 f4 27. Ne4 Bxe4 28. dxe4 Qg3+ 29. Kg1 Nxf3+ 30. Qxf3 Qxe1+ 31. Kh2 Qh4 32. Bb3+ Kh7 33. Rb2 Qe1 34. Rb1 Rd6 35. Bc2 Qh4 36. Rxb5 Kh8 37. c4 c6 38. Rb3 Nh5 39. Qg4 Qxg4 40. hxg4 Nf6 41. Kh3 Ra8 42. c5 Rd4 43. Bb2 Rd2 44. Bd3 Rd1 45. g3 f3 46. Kh2 Nxg4+ 0-1

[Event "Wch U20 Girls 35th"]
[Site "Tarvisio"]
[Date "2017.11.17"]
[Round "5"]
[White "Alijanzadeh, Mohadeseh"]
[Black "Mahalakshmi, Muganda Kumar"]
[Result "0-1"]
[WhiteElo "1930"]
[BlackElo "2191"]
[PlyCount "102"]
[EventDate "2017.11.13"]
[EventType "swiss"]
[EventRounds "11"]
[EventCountry "ITA"]
[SourceTitle "CBM 181 Extra"]
[Source "ChessBase"]
[SourceDate "2017.12.12"]
[SourceVersion "1"]
[SourceVersionDate "2017.12.12"]
[SourceQuality "1"]

1. e4 c6 2. d4 d5 3. Nc3 dxe4 4. Nxe4 Bf5 5. Ng3 Bg6 6. Nf3 Nd7 7. h4 h6 8. h5 Bh7 9. Bd3 Bxd3 10. Qxd3 e6 11. Bd2 Ngf6 12. 0-0-0 Be7 13. Kb1 0-0 14. Ne4 Nxe4 15. Qxe4 Nf6 16. Qe2 Qd5 17. Ne5 Qe4 18. Qxe4 Nxe4 19. Be3 Rfd8 20. g4 Rd5 21. f3 Ng5 22. f4 Ne4 23. c3 Rad8 24. Rdg1 f6 25. Ng6 Bf8 26. Re1 Kf7 27. Rhf1 c5 28. f5 exf5 29. c4 Rxd4 30. Rxf5 Rd1+ 31. Rxd1 Rxd1+ 32. Kc2 Re1 33. Kd3 Ng3 34. Rf3 Bd6 35. Bxc5 Bxc5 36. Rxg3 Ra1 37. Kc3 Rxa2 38. Rd3 Ke8 39. Nf4 Ra6 40. Nd5 Bd6 41. Re3+ Kf7 42. Kd3 Ra1 43. Re2 Rg1 44. Re4 a5 45. Nc3 Be5 46. Kc2 Rg2+ 47. Ne2 g6 48. Kb3 gxh5 49. gxh5 Rh2 50. Ka4 Bc7 51. Rd4 Rxe2 0-1

[Event "Wch U20 Girls 35th"]
[Site "Tarvisio"]
[Date "2017.11.16"]
[Round "4"]
[White "Terbe, Zsuzsanna"]
[Black "Alijanzadeh, Mohadeseh"]
[Result "1-0"]
[WhiteElo "2170"]
[BlackElo "1930"]
[PlyCount "101"]
[EventDate "2017.11.13"]
[EventType "swiss"]
[EventRounds "11"]
[EventCountry "ITA"]
[SourceTitle "CBM 181 Extra"]
[Source "ChessBase"]
[SourceDate "2017.12.12"]
[SourceVersion "1"]
[SourceVersionDate "2017.12.12"]
[SourceQuality "1"]

1. Nf3 Nf6 2. c4 e6 3. g3 d5 4. Bg2 Be7 5. d4 c6 6. 0-0 0-0 7. Qc2 b6 8. b3 Bb7 9. Rd1 Na6 10. a3 Rc8 11. Nc3 Qc7 12. Bf4 Bd6 13. Bxd6 Qxd6 14. e4 dxe4 15. Nxe4 Nxe4 16. Qxe4 h6 17. b4 Qe7 18. Ne5 Rc7 19. c5 b5 20. Qf4 Nb8 21. Rd3 Rd8 22. Rad1 Rcc8 23. Rf3 Rf8 24. Re3 Nd7 25. Bh3 Kh7 26. Qe4+ f5 27. Qc2 Nxe5 28. dxe5 Rcd8 29. Rd6 Rd7 30. Red3 Rxd6 31. Rxd6 Kg8 32. Qd3 Rf7 33. Qb3 Qg5 34. Qxe6 Qe7 35. Bxf5 Kf8 36. Qxe7+ Rxe7 37. e6 g5 38. Be4 Kg7 39. Bxc6 Bxc6 40. Rxc6 Kf6 41. Kg2 Ke5 42. Rd6 h5 43. h3 Kf6 44. Kf3 Ke5 45. Ke3 Kf5 46. f4 g4 47. h4 Rxe6+ 48. Rxe6 Kxe6 49. Ke4 a6 50. Kd4 Kf5 51. Kd5 1-0

[Event "IRI-ch (Women)"]
[Site "Tehran"]
[Date "2017.11.08"]
[Round "9"]
[White "Behzad Nazif, Parva"]
[Black "Alijanzadeh, Mohadeseh"]
[Result "0-1"]
[WhiteElo "1879"]
[BlackElo "1930"]
[PlyCount "62"]
[EventDate "2017.11.02"]
[EventType "swiss"]
[EventRounds "9"]
[EventCountry "IRI"]
[SourceTitle "CBM 181 Extra"]
[Source "ChessBase"]
[SourceDate "2017.12.12"]
[SourceVersion "1"]
[SourceVersionDate "2017.12.12"]
[SourceQuality "1"]

1. d4 Nf6 2. c4 e6 3. Nc3 Bb4 4. e3 0-0 5. Nge2 Re8 6. a3 Bf8 7. d5 b6 8. Nf4 Bb7 9. Bd3 a5 10. b3 Na6 11. Bb2 e5 12. Nfe2 d6 13. 0-0 g6 14. Qd2 Bg7 15. Na4 Nd7 16. e4 Rf8 17. f4 exf4 18. Bxg7 Kxg7 19. Qxf4 Ne5 20. Bc2 Qe7 21. Nd4 Rae8 22. Rae1 Bc8 23. Re3 Ng4 24. Nc6 Qf6 25. Qg3 Qg5 26. Rd3 Rxe4 27. Kh1 Re3 28. Rf3 Rxf3 29. Qxf3 Bf5 30. Rc3 Qd2 31. Kg1 Re8 0-1

[Event "IRI-ch (Women)"]
[Site "Tehran"]
[Date "2017.11.04"]
[Round "4"]
[White "Kiani, Rahil"]
[Black "Alijanzadeh, Mohadeseh"]
[Result "1-0"]
[WhiteElo "1694"]
[BlackElo "1930"]
[PlyCount "89"]
[EventDate "2017.11.02"]
[EventType "swiss"]
[EventRounds "9"]
[EventCountry "IRI"]
[SourceTitle "CBM 181 Extra"]
[Source "ChessBase"]
[SourceDate "2017.12.12"]
[SourceVersion "1"]
[SourceVersionDate "2017.12.12"]
[SourceQuality "1"]

1. e4 e6 2. d4 d5 3. Nd2 Be7 4. Bd3 c5 5. dxc5 Nf6 6. Qe2 0-0 7. Ngf3 Bxc5 8. e5 Nfd7 9. Nb3 Be7 10. h4 f5 11. Ng5 Nc5 12. Nxc5 Bxc5 13. Qh5 h6 14. Qg6 hxg5 15. hxg5 Qe8 16. Qh7+ Kf7 17. g6+ Ke7 18. Bg5+ Kd7 19. Bb5+ Nc6 20. Qxg7+ Be7 21. Rh7 Kc7 22. Bxc6 Kxc6 23. Bxe7 Rg8 24. Qf7 Bd7 25. Rh6 Rh8 26. Qxe8 Raxe8 27. Rxh8 Rxh8 28. g7 Rg8 29. Bf8 Be8 30. Kd2 Kc7 31. Rh1 Kd8 32. Rh6 Bf7 33. Rf6 Ke8 34. Kc3 Rxf8 35. gxf8Q+ Kxf8 36. f3 Kg7 37. g4 fxg4 38. fxg4 Bg8 39. Kb4 Bh7 40. c3 Bg8 41. Kc5 Bf7 42. Kd6 Kg8 43. Rxe6 Bxe6 44. Kxe6 Kg7 45. Kxd5 1-0

[Event "IRI-ch (Women)"]
[Site "Tehran"]
[Date "2017.11.03"]
[Round "2"]
[White "Hashemi, Seyede Fatemeh"]
[Black "Alijanzadeh, Mohadeseh"]
[Result "1-0"]
[WhiteElo "1826"]
[BlackElo "1930"]
[PlyCount "75"]
[EventDate "2017.11.02"]
[EventType "swiss"]
[EventRounds "9"]
[EventCountry "IRI"]
[SourceTitle "CBM 181 Extra"]
[Source "ChessBase"]
[SourceDate "2017.12.12"]
[SourceVersion "1"]
[SourceVersionDate "2017.12.12"]
[SourceQuality "1"]

1. e4 e6 2. d3 d5 3. Nd2 Nf6 4. Ngf3 dxe4 5. dxe4 Bc5 6. Bb5+ Bd7 7. Bd3 Bc6 8. 0-0 a5 9. a3 Nbd7 10. Qe2 b6 11. Rb1 a4 12. e5 Nd5 13. Ne4 h6 14. Rd1 Qb8 15. Bd2 Bb7 16. c4 Ne7 17. Bc3 Nc6 18. Ng3 Bf8 19. Bc2 Nc5 20. Rd2 Be7 21. Nh5 0-0 22. Nd4 g6 23. Nxc6 Bxc6 24. Rd4 Rd8 25. Rg4 Kh7 26. Bd2 Rd7 27. Qe3 Qf8 28. Nf4 Bg5 29. h4 Bxf4 30. Qxf4 Re7 31. h5 Rd8 32. hxg6+ fxg6 33. Bxg6+ Kh8 34. Qxf8+ Rxf8 35. Bxh6 Ra8 36. Bg5 Rd7 37. Bf6+ Kg8 38. Be4+ 1-0

[Event "Asia zt 3.1 (Women)"]
[Site "Tehran"]
[Date "2017.07.03"]
[Round "4"]
[White "Asadi, Motahare"]
[Black "Alijanzadeh, Mohadeseh"]
[Result "1-0"]
[WhiteElo "1967"]
[BlackElo "1957"]
[PlyCount "88"]
[EventDate "2017.06.30"]
[EventType "swiss"]
[EventRounds "9"]
[EventCountry "IRI"]
[SourceTitle "CBM 179 Extra"]
[Source "ChessBase"]
[SourceDate "2017.08.23"]
[SourceVersion "1"]
[SourceVersionDate "2017.08.23"]
[SourceQuality "1"]

1. e4 e6 2. d4 d5 3. Nd2 Be7 4. Bd3 c5 5. dxc5 Nf6 6. exd5 Nxd5 7. Ne4 0-0 8. a3 f5 9. Nd6 Qa5+ 10. Bd2 Qxc5 11. Nxc8 Qxc8 12. c4 Nb6 13. Nf3 Bf6 14. Qc2 N8d7 15. Bc3 Bxc3+ 16. Qxc3 e5 17. Be2 Qc7 18. 0-0 Rae8 19. Rfd1 h6 20. b4 Nf6 21. c5 Nc8 22. Bc4+ Kh7 23. Re1 Nd7 24. Rad1 a6 25. Nh4 e4 26. Qd4 Ne5 27. Bd5 Rd8 28. Nxf5 Rxf5 29. Qxe4 g6 30. Be6 Rxd1 31. Rxd1 Rh5 32. f4 Ne7 33. fxe5 Qxe5 34. Qxe5 Rxe5 35. Bg4 Nc6 36. Rd7+ Re7 37. Rxe7+ Nxe7 38. a4 Nd5 39. b5 axb5 40. axb5 Nc7 41. Be2 Kg7 42. b6 Ne6 43. c6 Nd4 44. c7 Kh7 1-0

[Event "Asia zt 3.1 (Women)"]
[Site "Tehran"]
[Date "2017.07.01"]
[Round "2"]
[White "Majidi, Kimia"]
[Black "Alijanzadeh, Mohadeseh"]
[Result "0-1"]
[WhiteElo "1806"]
[BlackElo "1957"]
[PlyCount "94"]
[EventDate "2017.06.30"]
[EventType "swiss"]
[EventRounds "9"]
[EventCountry "IRI"]
[SourceTitle "CBM 179 Extra"]
[Source "ChessBase"]
[SourceDate "2017.08.23"]
[SourceVersion "1"]
[SourceVersionDate "2017.08.23"]
[SourceQuality "1"]

1. e4 e6 2. d4 d5 3. Nd2 Be7 4. e5 c5 5. Qg4 g6 6. Ndf3 Nc6 7. dxc5 Bxc5 8. a3 Nge7 9. Bd3 Nf5 10. Ne2 a6 11. h4 h5 12. Qf4 b5 13. g4 hxg4 14. Qxg4 Qb6 15. Rh2 Bd7 16. Bg5 Be7 17. Bxe7 Ncxe7 18. Nfd4 Nxd4 19. Nxd4 0-0-0 20. 0-0-0 Kb7 21. Kb1 Rh5 22. Qf4 Nf5 23. Bxf5 exf5 24. c3 Rdh8 25. Nf3 Be6 26. Qb4 Rc8 27. Rd4 Qc7 28. a4 Kb6 29. Rh1 Qc5 30. Qb3 Rch8 31. Ne1 g5 32. Nd3 Qc7 33. Rg1 Rxh4 34. Rxg5 Rxd4 35. cxd4 Rh1+ 36. Ka2 Qc4 37. Qxc4 dxc4 38. Nc5 c3+ 39. Ka3 c2 40. Nd3 Bc4 41. a5+ Kxa5 42. b4+ Kb6 43. Nc1 Rxc1 44. Kb2 Rd1 45. Kxc2 Rxd4 46. Rxf5 Bd3+ 47. Kc3 Bxf5 0-1

[Event "Asia-ch U20 Girls"]
[Site "Shiraz"]
[Date "2017.05.10"]
[Round "9"]
[White "Ivana Maria, Furtado"]
[Black "Alijanzadeh, Mohadeseh"]
[Result "1/2-1/2"]
[WhiteElo "2132"]
[BlackElo "1942"]
[PlyCount "45"]
[EventDate "2017.05.03"]
[EventType "swiss"]
[EventRounds "9"]
[EventCountry "IRI"]
[SourceTitle "CBM 178 Extra"]
[Source "ChessBase"]
[SourceDate "2017.06.22"]
[SourceVersion "1"]
[SourceVersionDate "2017.06.22"]
[SourceQuality "1"]

1. Nf3 e6 2. b3 d5 3. Bb2 Nf6 4. e3 c5 5. d4 Nc6 6. Be2 b6 7. 0-0 Bb7 8. Nbd2 Bd6 9. Ne5 0-0 10. f4 Ne4 11. Nxe4 dxe4 12. Bc4 Bxe5 13. dxe5 Ne7 14. Qxd8 Rfxd8 15. Rfd1 Kf8 16. Kf2 Bd5 17. Be2 a5 18. c4 Bc6 19. a4 Rxd1 20. Rxd1 Ke8 21. g3 Rd8 22. Rxd8+ Kxd8 23. Bf1 1/2-1/2

[Event "Asia-ch U20 Girls Rapid"]
[Site "Shiraz"]
[Date "2017.05.02"]
[Round "2.1"]
[White "Alijanzadeh, Mohadeseh"]
[Black "Ivana Maria, Furtado"]
[Result "1/2-1/2"]
[WhiteElo "1780"]
[BlackElo "2108"]
[PlyCount "44"]
[EventDate "2017.05.02"]
[EventType "swiss (rapid)"]
[EventRounds "7"]
[EventCountry "IRI"]
[SourceTitle "EXT 2024"]
[Source "ChessBase"]
[SourceDate "2023.10.10"]
[SourceVersion "1"]
[SourceVersionDate "2023.10.10"]
[SourceQuality "1"]

1. e4 e6 2. d4 d5 3. Nc3 Nf6 4. e5 Nfd7 5. Nf3 c5 6. Bg5 Qb6 7. dxc5 Bxc5 8. Qd2 Bb4 9. a3 Bxc3 10. Qxc3 Nc6 11. 0-0-0 Nc5 12. Be3 Na4 13. Qb3 Qxb3 14. cxb3 Nb6 15. Bc5 Bd7 16. Bd3 Rc8 17. Bc2 Na5 18. Bxb6 axb6 19. Nd4 f6 20. Rhe1 0-0 21. f3 Rfe8 22. Kb1 f5 1/2-1/2

[Event "Asia-ch U20 Girls Rapid"]
[Site "Shiraz"]
[Date "2017.05.02"]
[Round "3.2"]
[White "Meghna, CH."]
[Black "Alijanzadeh, Mohadeseh"]
[Result "1-0"]
[WhiteElo "1776"]
[BlackElo "1780"]
[PlyCount "39"]
[EventDate "2017.05.02"]
[EventType "swiss (rapid)"]
[EventRounds "7"]
[EventCountry "IRI"]
[SourceTitle "EXT 2024"]
[Source "ChessBase"]
[SourceDate "2023.10.10"]
[SourceVersion "1"]
[SourceVersionDate "2023.10.10"]
[SourceQuality "1"]

1. e4 e6 2. d4 d5 3. e5 c5 4. c3 Nc6 5. Nf3 Qb6 6. a3 cxd4 7. cxd4 Nh6 8. b4 Nf5 9. Be3 Be7 10. Bd3 0-0 11. 0-0 h6 12. Nc3 Qd8 13. Rc1 Nxe3 14. fxe3 f6 15. exf6 Bxf6 16. Bb1 Bd7 17. Qd3 Be8 18. Ne5 Rf7 19. Qh7+ Kf8 20. Ng6# 1-0

[Event "Wch U18 Girls"]
[Site "Khanty-Mansiysk"]
[Date "2016.10.01"]
[Round "9"]
[White "Alijanzadeh, Mohadeseh"]
[Black "Trippold, Denise"]
[Result "0-1"]
[WhiteElo "1824"]
[BlackElo "2068"]
[PlyCount "80"]
[EventDate "2016.09.22"]
[EventType "swiss"]
[EventRounds "11"]
[EventCountry "RUS"]
[SourceTitle "EXT 2017"]
[Source "ChessBase"]
[SourceDate "2016.10.25"]
[SourceVersion "1"]
[SourceVersionDate "2016.10.25"]
[SourceQuality "1"]

1. e4 c5 2. c3 Nf6 3. e5 Nd5 4. d4 cxd4 5. cxd4 e6 6. Nf3 d6 7. Bc4 Be7 8. 0-0 0-0 9. Qe2 b6 10. Nc3 dxe5 11. Nxe5 Nxc3 12. bxc3 Qc7 13. Re1 Nc6 14. Bd2 Nxe5 15. dxe5 Bb7 16. Bb3 Rfd8 17. Rad1 Qc6 18. Qg4 Rac8 19. Bc2 Qc4 20. Qh3 g6 21. Bb3 Qc6 22. f3 Bc5+ 23. Kh1 Rd3 24. Bc2 Rxf3 25. Qg4 h5 26. Qg5 Be7 27. Be4 Qxe4 28. Rxe4 Bxg5 29. gxf3 Bxe4 30. fxe4 Rd8 31. Bxg5 Rxd1+ 32. Kg2 Ra1 33. Be3 Rxa2+ 34. Kg3 Rc2 35. Bd4 a5 36. Bxb6 Rxc3+ 37. Kf4 a4 38. h4 a3 39. Kg5 a2 40. Bd4 a1Q 0-1

[Event "Wch U18 Girls"]
[Site "Khanty-Mansiysk"]
[Date "2016.09.28"]
[Round "6"]
[White "Alijanzadeh, Mohadeseh"]
[Black "Shivacheva, Donika"]
[Result "0-1"]
[WhiteElo "1824"]
[BlackElo "2063"]
[PlyCount "64"]
[EventDate "2016.09.22"]
[EventType "swiss"]
[EventRounds "11"]
[EventCountry "RUS"]
[SourceTitle "EXT 2017"]
[Source "ChessBase"]
[SourceDate "2016.10.25"]
[SourceVersion "1"]
[SourceVersionDate "2016.10.25"]
[SourceQuality "1"]

1. e4 e5 2. Nf3 Nc6 3. Bc4 Nf6 4. d3 Be7 5. c3 d5 6. exd5 Nxd5 7. 0-0 0-0 8. Re1 Bg4 9. h3 Bh5 10. Nbd2 Nf4 11. Nf1 Na5 12. Bb5 a6 13. Bxf4 exf4 14. Ba4 b5 15. Bc2 Re8 16. d4 Nc4 17. Be4 Rb8 18. Bc6 Rf8 19. a4 Na5 20. axb5 Nxc6 21. bxc6 Rxb2 22. Qc1 Rb6 23. Ne5 Re8 24. Ra5 Bg6 25. d5 Rb1 26. Qd2 Rxe1 27. Nxg6 Rxf1+ 28. Kxf1 hxg6 29. Qxf4 Bg5 30. Qd4 Qe7 31. Qd1 Qe5 32. c4 Qh2 0-1

[Event "Wch U18 Girls"]
[Site "Khanty-Mansiysk"]
[Date "2016.09.26"]
[Round "5"]
[White "Kolver, Michelle"]
[Black "Alijanzadeh, Mohadeseh"]
[Result "0-1"]
[WhiteElo "1485"]
[BlackElo "1824"]
[PlyCount "72"]
[EventDate "2016.09.22"]
[EventType "swiss"]
[EventRounds "11"]
[EventCountry "RUS"]
[SourceTitle "EXT 2017"]
[Source "ChessBase"]
[SourceDate "2016.10.25"]
[SourceVersion "1"]
[SourceVersionDate "2016.10.25"]
[SourceQuality "1"]

1. d4 Nf6 2. Nc3 d5 3. Bg5 Bf5 4. f3 Nbd7 5. Qd2 c6 6. 0-0-0 b5 7. Re1 b4 8. Nb1 Qa5 9. a3 e6 10. e3 Rb8 11. Ne2 Qa4 12. b3 bxa3 13. Nec3 Qa5 14. Na2 Qb6 15. Rd1 c5 16. Qc3 Be7 17. Nd2 cxd4 18. Qxd4 Bc5 19. Qc3 0-0 20. Bd3 d4 21. Qc4 Ne5 22. Qa4 Nxd3+ 23. cxd3 dxe3 24. Ne4 Bxe4 25. dxe4 Rfc8 26. Rd3 Nxe4 27. fxe4 Be7+ 28. Kb1 Bxg5 29. Rf1 e2 30. Re1 Qf2 31. Qa5 Rb5 32. Rf3 Qxf3 33. Qxb5 Qxe4+ 34. Ka1 Bf6+ 35. Nc3 Bxc3+ 36. Ka2 Qc2+ 0-1

[Event "Wch U18 Girls"]
[Site "Khanty-Mansiysk"]
[Date "2016.09.25"]
[Round "4"]
[White "Alijanzadeh, Mohadeseh"]
[Black "Xiang, Evan"]
[Result "0-1"]
[WhiteElo "1824"]
[BlackElo "1948"]
[PlyCount "71"]
[EventDate "2016.09.22"]
[EventType "swiss"]
[EventRounds "11"]
[EventCountry "RUS"]
[SourceTitle "EXT 2017"]
[Source "ChessBase"]
[SourceDate "2016.10.25"]
[SourceVersion "1"]
[SourceVersionDate "2016.10.25"]
[SourceQuality "1"]

1. e4 d5 2. exd5 Qxd5 3. Nc3 Qd6 4. d4 g6 5. Nf3 Bg7 6. Nb5 Qb6 7. c4 c6 8. Nc3 Nh6 9. c5 Qd8 10. Bc4 Nf5 11. Ne2 0-0 12. Bf4 b6 13. cxb6 axb6 14. Ne5 Nd6 15. Bd3 Be6 16. 0-0 Qc8 17. Qc2 Qb7 18. h4 f6 19. Nf3 Bd5 20. h5 Bxf3 21. gxf3 e5 22. hxg6 hxg6 23. dxe5 fxe5 24. Bg3 Rxf3 25. Bxg6 Na6 26. Rad1 Nb4 27. Qd2 Nd5 28. Qg5 Nf7 29. Qh5 Rf6 30. Bh4 Rd6 31. Ng3 Kf8 32. Qh7 Ra4 33. Nh5 Rg4+ 34. Ng3 Rdxg6 35. Qh5 Qd7 36. Qf5 0-1

[Event "Asia-ch U18 Girls"]
[Site "Ulaanbaatar"]
[Date "2016.04.09"]
[Round "5"]
[White "Alijanzadeh, Mohadeseh"]
[Black "Batsaikhan, Ganchimeg"]
[Result "0-1"]
[WhiteElo "1954"]
[BlackElo "1745"]
[PlyCount "51"]
[EventDate "2016.04.06"]
[EventType "swiss"]
[EventRounds "9"]
[EventCountry "MGL"]
[SourceTitle "EXT 2017"]
[Source "ChessBase"]
[SourceDate "2016.10.25"]
[SourceVersion "1"]
[SourceVersionDate "2016.10.25"]
[SourceQuality "1"]

1. e4 e6 2. d4 d5 3. Nd2 c5 4. exd5 Qxd5 5. Ngf3 cxd4 6. Bc4 Qd6 7. 0-0 Nf6 8. Nb3 Nc6 9. Nbxd4 Nxd4 10. Nxd4 a6 11. c3 Qc7 12. Qe2 Be7 13. Re1 0-0 14. Bb3 Bd6 15. h3 b6 16. Bg5 Bb7 17. Rad1 Ne4 18. Bc1 Rae8 19. Qc4 Bh2+ 20. Kf1 Ng3+ 21. fxg3 Bxg2+ 22. Ke2 Qxg3 23. Rd3 Qg6 24. Kd1 b5 25. Nxb5 axb5 26. Qxb5 0-1

[Event "Asia-ch U14 Girls"]
[Site "Hikkaduwa"]
[Date "2012.06.27"]
[Round "3.3"]
[White "Alijanzadeh, Mohadeseh"]
[Black "Derakhshani, Dorsa"]
[Result "0-1"]
[WhiteElo "1749"]
[BlackElo "2004"]
[PlyCount "116"]
[EventDate "2012.06.26"]
[EventType "swiss"]
[EventRounds "9"]
[EventCountry "SRI"]
[SourceTitle "EXT 2024"]
[Source "ChessBase"]
[SourceDate "2023.10.10"]
[SourceVersion "1"]
[SourceVersionDate "2023.10.10"]
[SourceQuality "1"]

1. e4 e5 2. Bc4 Nc6 3. d3 Nf6 4. Nf3 Bc5 5. c3 a6 6. Bb3 Ba7 7. Nbd2 h6 8. h3 d6 9. 0-0 g5 10. Nh2 g4 11. hxg4 Rg8 12. Ndf3 Nxg4 13. Qe2 Qf6 14. Be3 Nxh2 15. Kxh2 Bg4 16. Bxa7 Nxa7 17. Qe3 0-0-0 18. Kh1 Nc6 19. Nh2 Bd7 20. f4 Qg7 21. Rf2 exf4 22. Qxf4 Ne5 23. Qe3 Be6 24. d4 Ng4 25. Nxg4 Qxg4 26. Qf4 Qh5+ 27. Qh2 Qg6 28. Bc2 Rg7 29. Re1 Qg5 30. a3 Rdg8 31. Bd1 h5 32. Be2 Qe3 33. Qf4 Qxf4 34. Rxf4 Rxg2 35. d5 Bh3 36. Rxf7 R2g3 37. Kh2 h4 38. Rf3 Bg2 39. Rxg3 Rxg3 40. Bd1 Kd7 41. Bb3 Bf3 42. Re3 Rg2+ 43. Kh3 Rxb2 44. Ba4+ b5 45. Bxb5+ axb5 46. Rxf3 Re2 47. Kxh4 Rxe4+ 48. Kg5 Ra4 49. Rf4 Rxa3 50. Rb4 Rxc3 51. Rxb5 Rc5 52. Rxc5 dxc5 53. Kf4 Kd6 54. Ke4 c4 55. Kd4 c3 56. Kxc3 Kxd5 57. Kd3 Kc5 58. Kc3 c6 0-1